What Am I? #4 - Statistics

General Stats
  • This quiz has been taken 1,044 times
    219 since last reset
  • The average score is 6 of 10
Answer Stats
Hint
What Am I? % Correct
I have 2 hands but no arms. I have a face but no eyes Clock
89%
I become wet while drying Towel
83%
I start with the letter E, end with the letter E, and I have a letter inside me Envelope
73%
I get smaller every time I take a bath Soap
72%
I have lots of holes but I can hold water Sponge
68%
I get shorter as I get older. Candle/pencil/match
66%
I go up but I never come down Age
56%
I start out black, glow red when you use me, and I am grey when you throw me away Charcoal
37%
The more you take from me the bigger I get Hole
37%
I have many rings but they are not worth much Tree
37%
No matching quizzes found
Score Distribution
Percent of People with Each Score
Percentile by Number Answered
Your Score History
You have not taken this quiz since the last reset